Облученный полиэтилен в технике

التفاصيل البيبلوغرافية
المؤلف الرئيسي: Князев В. К. Валерий Константинович
مؤلفون آخرون: Сидоров Н. А. Николай Андреевич
اللغة:الروسية
منشور في: Москва, Химия, 1974
الموضوعات:
التنسيق: كتاب
KOHA link:https://koha.lib.tpu.ru/cgi-bin/koha/opac-detail.pl?biblionumber=240722

MARC

LEADER 00000nam0a2200000 4500
001 240722
005 20231101231749.0
035 |a (RuTPU)RU\TPU\book\261981 
090 |a 240722 
100 |a 20130624d1974 km y0rusy50 ca 
101 0 |a rus 
102 |a RU 
105 |a y z 001zy 
200 1 |a Облученный полиэтилен в технике  |f В. К. Князев, Н. А. Сидоров 
210 |a Москва  |c Химия  |d 1974 
215 |a 376 с. 
320 |a Библиогр.: с. 347-374. 
606 1 |a Полиэтилен  |2 stltpush  |3 (RuTPU)RU\TPU\subj\50522  |9 87378 
610 1 |a свойства 
610 1 |a облучение 
610 1 |a изменения 
610 1 |a материалы 
610 1 |a рецептуры 
610 1 |a производство 
610 1 |a переработка 
610 1 |a применение 
675 |a 678.742.2  |v 3 
700 1 |a Князев  |b В. К.  |g Валерий Константинович 
701 1 |a Сидоров  |b Н. А.  |g Николай Андреевич 
801 1 |a RU  |b 63413507  |c 20130624 
801 2 |a RU  |b 63413507  |c 20160202  |g RCR 
942 |c BK